Applying the Canon in Islam (Record no. 12197)

MARC details
000 -LEADER
fixed length control field 00657nam a2200241 a 4500
020 ## - INTERNATIONAL STANDARD BOOK NUMBER
ISBN
082 00 - DEWEY DECIMAL CLASSIFICATION NUMBER
Classification number 340.59
Author Cutter WHE
100 ## - MAIN ENTRY--AUTHOR NAME
Author name Wheeler, Brannon M
245 ## - TITLE STATEMENT
Title Applying the Canon in Islam
260 ## - PUBLICATION, DISTRIBUTION, ETC. (IMPRINT)
Place of publication New York
Name of publisher State University of New York
Year of publication 1996
300 ## - PHYSICAL DESCRIPTION
Number of Pages 324p
500 ## - GENERAL NOTE
General note includes index and biblioraphy
505 2# - FORMATTED CONTENTS NOTE
Formatted contents note Selected Bibliography, Abbreviation, Commentary
650 ## - SUBJECT ADDED ENTRY--TOPICAL TERM
Topical Term Islamic-Law Interpretarion and Cons
942 ## - ADDED ENTRY ELEMENTS (KOHA)
Koha item type Books
700 1# -
-- Wheeler, Brannon M
Holdings
Collection code Home library Current library Date acquired Cost, normal purchase price Full call number Accession Number Koha item type
  Henry Martyn Institute Library Henry Martyn Institute Library 06/04/2007 1206.00 340.59 WHE 018349 Books
                   Copyright © 2026 | Henry Martyn Institute | Hyderabad | TS-500052 | INDIA | Implemented by hmi.edu.in
Hit-Count:

Powered by Koha